La lucha por el poder y por la paz

Tallennettuna:
Bibliografiset tiedot
Päätekijä: Morgenthau, Hans J. (autor)
Aineistotyyppi: Kirja
Kieli:espanja
Julkaistu: Buenos Aires Sudamericana 1963
Sarja:Constelación Internacional
Aiheet:
Tagit: Lisää tagi
Ei tageja, Lisää ensimmäinen tagi!

MARC

LEADER 00000nam a2200000 a 4500
001 UCT7838
003 CL-VaPUC
008 970317e19630000AG |||||||||||||||||spa|d
082 0 4 |a 327.172  |b MOR  |2 21 
100 |a Morgenthau, Hans J.  |e autor  |9 379042 
245 1 3 |a La lucha por el poder y por la paz 
300 |a 763 p 
942 |c BK 
945 |d 19970317 00:00:00  |a paguirre 
260 |a Buenos Aires  |b Sudamericana  |c 1963 
650 0 |a Relaciones Internacionales  |9 255740 
650 0 |a Paz  |9 259242 
650 0 |a Poder político  |9 255509 
650 0 |a Imperialismo  |9 258264 
650 0 |a Etica política   |9 255799 
650 7 |a COEXISTENCIA PACIFICA  |2 CL-VaPUC  |9 338675 
650 0 |a Desarme  |9 255227 
650 0 |a Diplomacia  |9 256483 
583 |a last modification  |c 19970317 00:00:00  |k Rodrigo Vera 
490 0 |a Constelación Internacional 
999 |c 256385  |d 256383 
952 |0 0  |1 0  |4 0  |6 327_172000000000000_MOR_1963  |7 0  |8 A  |9 279091  |a BIBDER  |b BIBDER  |d 2019-11-19  |i 1808362  |o 327.172 MOR 1963  |p 1808362  |r 2023-01-25  |w 2019-11-19  |y BK  |k DER